| 000 -LEADER |
| fixed length control field |
01475nam a2200253 a 4500 |
| 001 - CONTROL NUMBER |
| control field |
ASIN0230120881 |
| 005 - DATE AND TIME OF LATEST TRANSACTION |
| control field |
20170105102926.0 |
| 008 - FIXED-LENGTH DATA ELEMENTS--GENERAL INFORMATION |
| fixed length control field |
131212s2011 xxu eng d |
| 020 ## - INTERNATIONAL STANDARD BOOK NUMBER |
| International Standard Book Number |
0230120881 (hardcover) |
| Terms of availability |
$90.00 |
| 020 ## - INTERNATIONAL STANDARD BOOK NUMBER |
| International Standard Book Number |
9780230120884 (hardcover) |
| 040 ## - CATALOGING SOURCE |
| Original cataloging agency |
0 |
| 050 04 - LIBRARY OF CONGRESS CALL NUMBER |
| Classification number |
JZ1316 |
| 082 04 - DEWEY DECIMAL CLASSIFICATION NUMBER |
| Classification number |
320.1 |
| Author Mark |
CAR 2012 |
| 100 1# - MAIN ENTRY--PERSONAL NAME |
| Personal name |
Carlson, Jon D. |
| 245 10 - TITLE STATEMENT |
| Title |
Myths, state expansion, and the birth of globalization : |
| Remainder of title |
a comparative perspective / |
| Statement of responsibility, etc. |
Jon D. Carlson. |
| 260 ## - PUBLICATION, DISTRIBUTION, ETC. |
| Place of publication, distribution, etc. |
[S.l.] : |
| Name of publisher, distributor, etc. |
Palgrave Macmillan, |
| Date of publication, distribution, etc. |
2011. |
| 300 ## - PHYSICAL DESCRIPTION |
| Extent |
252 p. ; |
| Dimensions |
22 cm. |
| 520 ## - SUMMARY, ETC. |
| Summary, etc. |
Myths are important, yet overlooked. Myths, dreams, desires and false information prime the pump of imperial expansion, which explains how new regions of the world get absorbed into the expanding world system. This book explores the role that information plays in the expansion of the state system. High risk, high return behavior subsidizes later 'rational' strategies. The Northwest Passage, Prester John, West African rivers of gold, and Marco Polo's silver-roofed land of Zipangu all provide examples. Not merely an artifact of history, accurate information acquisition and dissemination continues to be relevant, as myths still drive markets and political decision-making. |
| 650 #0 - SUBJECT ADDED ENTRY--TOPICAL TERM |
| Topical term or geographic name entry element |
Imperialism |
| 650 #0 - SUBJECT ADDED ENTRY--TOPICAL TERM |
| Topical term or geographic name entry element |
Nation-state and globalization |
| 650 #0 - SUBJECT ADDED ENTRY--TOPICAL TERM |
| Topical term or geographic name entry element |
State, The |
| 856 40 - ELECTRONIC LOCATION AND ACCESS |
| Materials specified |
Amazon.com |
| Uniform Resource Identifier |
<a href="http://www.amazon.com/exec/obidos/ASIN/0230120881/chopaconline-20">http://www.amazon.com/exec/obidos/ASIN/0230120881/chopaconline-20</a> |
| 942 ## - ADDED ENTRY ELEMENTS (KOHA) |
| Source of classification or shelving scheme |
|
| Koha item type |
Book |